<?xml version="1.0" encoding="UTF-8"?>
<record
    xmlns:xsi="http://www.w3.org/2001/XMLSchema-instance"
    xsi:schemaLocation="http://www.loc.gov/MARC21/slim http://www.loc.gov/standards/marcxml/schema/MARC21slim.xsd"
    xmlns="http://www.loc.gov/MARC21/slim">

  <leader>01536    a2200229   4500</leader>
  <controlfield tag="001">25236</controlfield>
  <controlfield tag="005">20260407155536.0</controlfield>
  <controlfield tag="008">260407a1984    arg                 spa d</controlfield>
  <controlfield tag="003">AR-UNSa-BCEJYS</controlfield>
  <datafield tag="040" ind1=" " ind2=" ">
    <subfield code="a">AR-UNSa-BCEJYS</subfield>
    <subfield code="b">spa</subfield>
    <subfield code="c">AR-UNSa-BCEJYS</subfield>
  </datafield>
  <datafield tag="080" ind1=" " ind2=" ">
    <subfield code="a">347.72.04</subfield>
    <subfield code="x">Modificaci&#xF3;n legal de las condiciones de la sociedad. Extinci&#xF3;n. Disoluci&#xF3;n. Liquidaci&#xF3;n. Reconstituci&#xF3;n. Fusi&#xF3;n</subfield>
  </datafield>
  <datafield tag="245" ind1="1" ind2="0">
    <subfield code="a">Reorganizaciones empresariales libres de impuestos</subfield>
  </datafield>
  <datafield tag="020" ind1=" " ind2=" ">
    <subfield code="a">950-527-013-3</subfield>
  </datafield>
  <datafield tag="264" ind1=" " ind2="1">
    <subfield code="a">Buenos Aires :</subfield>
    <subfield code="b">La Ley</subfield>
    <subfield code="c">1984</subfield>
  </datafield>
  <datafield tag="300" ind1=" " ind2=" ">
    <subfield code="a">176 p.</subfield>
    <subfield code="c">24 cm.</subfield>
  </datafield>
  <datafield tag="505" ind1=" " ind2=" ">
    <subfield code="a">1. La reorganizaci&#xF3;n empresaria - 2. La fusi&#xF3;n - 3. La divisi&#xF3;n o escisi&#xF3;n de empresas - 4. Ventas y transferencias en conjunto econ&#xF3;mico - 5. La transformaci&#xF3;n societaria como acto fiscal de reorganizaci&#xF3;n - 6. Traslado de los derechos y obligaciones fiscales - 7. La reorganizaci&#xF3;n empresaria frente a otros impuestos nacionales - 8. La reorganizaci&#xF3;n empresaria frente a los gravamenes locales - 9. Efectivizaci&#xF3;n de los beneficios fiscales - 10. Otros efectos de la reorganizaci&#xF3;n - 11. Reorganizaciones empresariales libres de impuestos a nivel internacional - 12. Reorganizaciones empresariales libres de impuestos en el derecho comparado - Ap&#xE9;ndice. </subfield>
  </datafield>
  <datafield tag="041" ind1=" " ind2=" ">
    <subfield code="a">spa</subfield>
  </datafield>
  <datafield tag="942" ind1=" " ind2=" ">
    <subfield code="c">BK</subfield>
  </datafield>
  <datafield tag="590" ind1=" " ind2=" ">
    <subfield code="a">niveau_biblio:m niveau_hierar:0</subfield>
  </datafield>
  <datafield tag="100" ind1="1" ind2=" ">
    <subfield code="a">Asorey, Rub&#xE9;n Oscar</subfield>
  </datafield>
  <datafield tag="856" ind1="4" ind2="1">
    <subfield code="u">https://biblioeco.unsa.edu.ar/pmb/images/libros/Reorganizaciones empresariales libres de impuestos  Asorey, Rub?n O. (1984).jpg</subfield>
    <subfield code="y">Imagen de portada</subfield>
    <subfield code="q">image/jpeg</subfield>
  </datafield>
  <datafield tag="999" ind1=" " ind2=" ">
    <subfield code="c">1343</subfield>
    <subfield code="d">1343</subfield>
  </datafield>
  <datafield tag="952" ind1=" " ind2=" ">
    <subfield code="0">0</subfield>
    <subfield code="1">0</subfield>
    <subfield code="4">0</subfield>
    <subfield code="7">0</subfield>
    <subfield code="a">BCEJYS</subfield>
    <subfield code="b">BCEJYS</subfield>
    <subfield code="c">16</subfield>
    <subfield code="d">2026-04-07</subfield>
    <subfield code="l">0</subfield>
    <subfield code="o">347.72.04 A837</subfield>
    <subfield code="p">L44380</subfield>
    <subfield code="r">2026-04-07 15:55:36</subfield>
    <subfield code="w">2026-04-07</subfield>
    <subfield code="y">L</subfield>
  </datafield>
</record>
